Normal view
MARC view
Entry Topical Term
001 - CONTROL NUMBER
- control field: 30620
003 - CONTROL NUMBER IDENTIFIER
- control field: ARRUPE
005 - DATE AND TIME OF LATEST TRANSACTION
- control field: 20170509100905.0
008 - FIXED-LENGTH DATA ELEMENTS
- fixed length control field: 170509|| aca||aabn | a|a d
040 ## - CATALOGING SOURCE
- Original cataloging agency: ARRUPE
- Transcribing agency: ARRUPE
150 ## - HEADING--TOPICAL TERM
- Topical term or geographic name as entry element: Swahili , Speaking peoples
- General subdivision: Congresses
670 ## - SOURCE DATA FOUND
- Source citation: Work cat.: (ARRUPE)923: Caplan, Pat 30619, Swahili modernities, 2004